Service charge report 2006 (Record no. 106379)
[ view plain ]
| 000 -LEADER | |
|---|---|
| fixed length control field | 01143cam a2200205 4500 |
| 001 - CONTROL NUMBER | |
| control field | L136395 |
| 008 - FIXED-LENGTH DATA ELEMENTS--GENERAL INFORMATION | |
| fixed length control field | 070130n2006 000 0 eng u |
| 035 ## - SYSTEM CONTROL NUMBER | |
| System control number | (Sirsi) u136395 |
| 041 0# - LANGUAGE CODE | |
| Language code of text/sound track or separate title | eng |
| 110 2# - MAIN ENTRY--CORPORATE NAME | |
| Corporate name or jurisdiction name as entry element | Jones Lang LaSalle |
| 9 (RLIN) | 3755 |
| 245 00 - TITLE STATEMENT | |
| Title | Service charge report 2006 |
| Medium | [electronic resource] |
| 260 ## - PUBLICATION, DISTRIBUTION, ETC. | |
| Date of publication, distribution, etc. | 2006 |
| 505 1# - FORMATTED CONTENTS NOTE | |
| Formatted contents note | Introduction -- The database structure -- Recent service charge trends -- Service charges by component percentages -- Service charges by air conditioning -- Historical service charge trends -- Service charges by location -- Service charges by building size -- Service charges by age -- Comparison of office service charges in the UK and Northern Ireland |
| 520 ## - SUMMARY, ETC. | |
| Summary, etc. | Discusses the service charge levels for offices in Dublin, the degree service charges differ by location and by building size and how Dublin service charges have evolved during the last 10 years. |
| 590 ## - LOCAL NOTE (RLIN) | |
| Local note | KA |
| 651 #4 - SUBJECT ADDED ENTRY--GEOGRAPHIC NAME | |
| Geographic name | DUBLIN |
| 690 ## - LOCAL SUBJECT ADDED ENTRY--TOPICAL TERM (OCLC, RLIN) | |
| Topical term or geographic name as entry element | PROPERTY-COMMERCIAL PROPERTY-OFFICE PROPERTY |
| 856 40 - ELECTRONIC LOCATION AND ACCESS | |
| Uniform Resource Identifier | <a href="https://www.joneslanglasalle.com/">https://www.joneslanglasalle.com/</a> |
| Public note | View the item free of charge after registration at www.joneslanglasalle.com... |
| 942 ## - ADDED ENTRY ELEMENTS (KOHA) | |
| Suppress in OPAC | 0 |
| Withdrawn status | Lost status | Source of classification or shelving scheme | Damaged status | Not for loan | Home library | Current library | Shelving location | Date acquired | Total Checkouts | Full call number | Barcode | Date last seen | Copy number | Price effective from | Koha item type |
|---|---|---|---|---|---|---|---|---|---|---|---|---|---|---|---|
| Dewey Decimal Classification | Virtual | Virtual | Online | 30/01/2007 | ONLINE PUBLICATION | 136395-1001 | 06/08/2019 | 1 | 06/08/2019 | Book |